Láska, sloboda, jednota a služba o Hnutí kresťanských rodín na Slovensku

Bibliographic Details
Other Authors: Kolesárová, D. (Interviewer)
Format: Article
Language:Slovak
PhysicalDescription:Fotogr.
ISSN:1335-7492
Subjects:

MARC

LEADER 00000nab a2200000 a 4500
001 vtls008952306
003 SK-MaSNL
005 20260304133857.0
008 250505c2007 xo er|p|||||||000 b|slo
015 |a SNBR2007/03  |2 snkbucl 
035 |a (uuid)96d615c3-4ba1-4fc8-a7c9-fee568b06c68 
035 |a urn:nbn:sk:snk-abd5c6 
035 |a (urnnbn)urn:nbn:sk:snk:ar-002ui6 
038 |a SNKBUCL 
040 |a SNKBUCL  |b slo  |c SNKBUCL  |e AACR2 
041 0 |a slo 
044 |a xo  |c SK 
080 |a 256  |x (437.6)  |2 2001 
080 |a 282  |x (437.6)  |2 2001 
100 1 |a Kolesárová, D.  |4 ivr  |9 1451221 
245 1 0 |a Láska, sloboda, jednota a služba  |b o Hnutí kresťanských rodín na Slovensku  |c D. Kolesárová, Pavol Hric 
300 |b Fotogr. 
610 2 7 |a Hnutie kresťanských rodín na Slovensku  |2 snkbucl  |9 872640 
650 0 7 |a kresťanská rodina  |2 snkbucl  |9 4140 
700 1 |a Hric, Pavol,  |d 1955-  |4 ive  |9 255208 
773 0 |t Slovo : časopis gréckokatolíckej cirkvi  |g Roč. XXXIV, č. 1 (2007), s. 10-11  |x 1335-7492 
850 |a Slovenská národná knižnica 
852 |a Slovenská národná knižnica 
954 |a odborná, vedecká literatúra pôvodná (slovenská)  |2 lita 
958 |a article17 
958 |a OND 
958 |a EUIPO 
999 |c 2904066  |d 2905996